US States with Highest Percentage LGBT Population - Statistics

General Stats
  • This quiz has been taken 1,222 times
  • The average score is 7 of 10
Answer Stats
% state % Correct
4.0 California
98%
4.0 Washington
84%
4.9 Oregon
77%
4.8 Maine
68%
4.9 Vermont
68%
4.2 Nevada
62%
4.5 Rhode Island
62%
5.1 Hawaii
60%
4.4 Massachusetts
60%
4.4 South Dakota
14%
No matching quizzes found
Score Distribution
Percent of People with Each Score
Percentile by Number Answered
Your Score History
You have not taken this quiz